000 00463nam a2200193Ia 4500
005 20240823061706.0
008 240823s9999||||xx |||||||||||||| ||und||
041 _aENGLISH
082 _A004.33 Q7
100 _aRamprabu G
245 0 _aEmbedded and Real Time systems
250 _a2nd
260 _c2017
_bARS Publica
500 _aYES
650 _aEmbedded System
_bComputer Applications
700 _aGowri Shankar D
942 _cBK
999 _c234131
_d234131